000
00283nam a22001337a 4500
008
170629b xxu||||| |||| 00| 0 eng d
020
_a
9780673350381
041
_a
eng
080
_a
82
100
_a
22
101
_a
gjl
245
_a
LIFE SCIENCES
_c
BIDDLE, A.W
942
_2
udc
_c
BK
999
_c
19528
_d
19528